Órden núm. 165. Monterey Julio 20 de 1847.

Broadside notifies the citizens of Monterey that the city's tariffs were being replaced with an income tax.

Bibliographic Details
Corporate Author: United States. Army
Other Authors: Wright, Isaac Hull, 1814-
Format: Book
Language:Spanish
English
Language Notes:In Spanish and English.
Published: Monterrey : [United States Army], [1847]
Subjects:

MARC

Tag First Indicator Second Indicator Subfields
LEADER 00000cam a2200000Ii 4500
001 in00003537726
005 20180306102340.0
008 150407s1847 mx f000 0 spa d
035 |a (OCoLC)on1027563067 
040 |a TXA  |b eng  |e rda  |c TXA 
035 |a (OCoLC)1027563067 
041 0 |a spa  |a eng 
043 |a n-mx---  |a n-us--- 
090 |a E406.M7  |b U5 1847 
049 |a TXAM 
110 1 |a United States.  |b Army. 
245 1 0 |a Órden núm. 165. Monterey Julio 20 de 1847. 
246 1 |i First line of English portion:  |a Tariff of taxes imposed by the municipality of this City under date of May 2 A.D. 1847 and approved by A.M. Mitchell Col Commanding at this Post and Governor is hereby abrogated, and in lieu thereof the said municipality is hereby authorized and empowered to levy a tax of one per centum per annum upon the income of all persons resident in Monterey, whether citizens or foreigners, who are not in the civil or military employment of the United States Government 
264 1 |a Monterrey :  |b [United States Army],  |c [1847] 
300 |a 1 leaf ;  |c 32 cm 
336 |a text  |b txt  |2 rdacontent 
337 |a unmediated  |b n  |2 rdamedia 
338 |a sheet  |b nb  |2 rdacarrier 
500 |a Type-signed at end: I.H. Wright, Col. Commanding Post. & Governor [and] B.K. Andrews, A. asst. adjt. Gen. 
500 |a Text in two columns. 
546 |a In Spanish and English. 
500 |a Caption title. 
520 |a Broadside notifies the citizens of Monterey that the city's tariffs were being replaced with an income tax. 
500 |a In the Battle of Monterrey (September 21-24, 1846), General Pedro de Ampudia and the Mexican Army of the North was defeated by the Army of Occupation, a force of United States regulars, volunteers and Texas Rangers under the command of General Zachary Taylor. The invading army occupied the city and remained until June 18, 1848. 
650 0 |a Mexican War, 1846-1848  |x Campaigns  |z Mexico. 
651 0 |a Monterrey (Mexico)  |x History, Military  |y 19th century. 
650 0 |a Mexican War, 1846-1848  |x Occupied territories. 
610 1 0 |a United States.  |b Army  |v Regulations. 
700 1 |a Wright, Isaac Hull,  |d 1814- 
948 |a cataloged  |b h  |c 2018/3/6  |d o  |e nbehmer  |f 10:23:00 pm 
994 |a C0  |b TXA 
999 f f |s 51930668-4e8a-380b-aaf1-9ad6dd81cc21  |i 6aedf365-6440-375a-b91e-0bfa57787e92  |t 0 
952 f f |p noncirc  |a Texas A&M University  |b College Station  |c Cushing Memorial Library & Archives  |d Cushing: Ragan Military (Does not check out)  |t 0  |e E406.M7 U5 1847  |f Vertical file  |h Library of Congress classification  |i unmediated -- sheet 
998 f f |a E406.M7 U5 1847  |t 0  |l Cushing: Ragan Military (Does not check out)